000 00197 a2200097 4500
001 8356
090 _c6728
_d6728
100 _aRussell, B
245 _aSceptical Essays (Transfered to SOA)
260 _bUnwin
942 _aNUST-CAE
999 _c243429
_d243429